000 00852nam a2200265Ia 4500
003 GCL
008 140319s9999 xx 000 0 ara d
040 _aGCL /
_cGCL
082 0 4 _aد
_b050.9538
_bص ح
100 1 _aصالح الغريب
245 1 0 _aحولية الثقافة والفنون 1990\1991 /
_cصالح الغريب
260 _a[S.N] :
_bالمجلس الوطنى للثقافة والفنون والاداب ،
_c1991
300 _a369 ص
490 _aمن روائع الادب الامريكى المعاصر
_v0
650 0 4 _aالكويت
650 0 4 _aالمسرح
650 0 4 _aالموسيقى
650 0 4 _aالصحافة
650 0 4 _aالفن
650 0 4 _aالسينما
650 0 4 _aالفنون التشكيلية
650 0 4 _aالدوريات
650 0 4 _aرسائل الاعلام
942 _2ddc
_cCR
999 _c26927
_d26927